Pooh's grand adventure / (Record no. 3277)

MARC details
000 -LEADER
fixed length control field 00875nam a22002297a 4500
001 - CONTROL NUMBER
control field 3277
003 - CONTROL NUMBER IDENTIFIER
control field FISKH
005 - DATE AND TIME OF LATEST TRANSACTION
control field 20240222164839.0
008 - FIXED-LENGTH DATA ELEMENTS--GENERAL INFORMATION
fixed length control field 240222b cb ||||| |||| 00| 0 eng d
040 ## - CATALOGING SOURCE
Original cataloging agency FISK
Language of cataloging eng
Transcribing agency FISK
Modifying agency FISK
050 ## - LIBRARY OF CONGRESS CALL NUMBER
Classification number M1527.2
082 ## - DEWEY DECIMAL CLASSIFICATION NUMBER
Classification number 781.542
100 ## - MAIN ENTRY--PERSONAL NAME
Personal name Milne. Alan Alexander /
Dates associated with a name 1882-1956
245 ## - TITLE STATEMENT
Title Pooh's grand adventure /
Remainder of title The search for christopher robin
Statement of responsibility, etc. Alan Alexander Milne
260 ## - PUBLICATION, DISTRIBUTION, ETC.
Place of publication, distribution, etc. Disney Enterprise :
Name of publisher, distributor, etc. Grolier Books ,
Date of publication, distribution, etc. 2006
300 ## - PHYSICAL DESCRIPTION
Extent 42 unnumbered pages :
Other physical details color illustrations :
Dimensions 23 cm
505 ## - FORMATTED CONTENTS NOTE
Formatted contents note H
520 ## - SUMMARY, ETC.
Summary, etc. Christopher Robin leaves a note for Pooh and friends telling them he has to go to school. In a misunderstanding, they believe he has gone to "skull," and they set off on a grand journey to rescue him.
521 8# - TARGET AUDIENCE NOTE
Target audience note 500 <br/>
Source H <br/>
700 ## - ADDED ENTRY--PERSONAL NAME
Personal name Alan Alexander Milne
942 ## - ADDED ENTRY ELEMENTS (KOHA)
Source of classification or shelving scheme Dewey Decimal Classification
Koha item type Books
Suppress in OPAC No
Holdings
Withdrawn status Lost status Source of classification or shelving scheme Damaged status Not for loan Collection Home library Current library Shelving location Date acquired Total Checkouts Full call number Barcode Date last seen Copy number Price effective from Koha item type
    Dewey Decimal Classification     Fiction Footprints International School Library Network Toul Kork Campus Footprints International School Library Network Toul Kork Campus   02/22/2024   MIL M1527.2 781.542 2024-0101 02/22/2024 1 02/22/2024 Books